000 01163nac a22003257a 4500
001 BR8100906
003 BR-BrBNA
005 20240105114920.0
008 230509b bl.|||m| |||| 00| 0 por d
040 _aBR-BrBNA
_bpor
_cBiblioteca Nacional de Agricultura
072 _aF00
090 _a0430 BR8100906
100 1 _aSilva, O.R.A.F. da
100 1 _aPimentel, C.R.M.
100 1 _aCarvalho, O.S.
100 1 _aBezerra, J.E.S.
110 1 _aCentro Nacional de Pesquisa do Algodao, Campina Grande, PB (Brasil)
_91702
245 1 _aEstudo comparativo de varias formas de semeadura para o algodoeiro herbaceo (Gossypium hirsutum, L.)[Brasil]
246 1 _a[Comparative study of several sowing forms for herbaceous cotton plant (Gossypium hirsutum, L.)[Brazil]]
260 3 _aCampina Grande, PB (Brasil):
_c1980.
300 _a4 p.
490 _aComunicado Tecnico - Centro Nacional de Pesquisa do Algodao (Brazil)
_vno. 9
_x
650 _aProducao vegetal
650 _aAlgodao
650 _aSemeadura
650 _aAlgodao herbaceo
650 _aPratica cultural
909 _a202312
_bLúcia Elande
_c55
_dLúcia Elande
942 _2AGRIS
_n0
_cMS
999 _c272021
_d272021